|
|
|
|
| LEADER |
00000nam0a2200000 4500 |
| 001 |
344932 |
| 005 |
20231102005722.0 |
| 010 |
|
|
|a 9785170801091
|
| 035 |
|
|
|a (RuTPU)RU\TPU\book\376730
|
| 035 |
|
|
|a RU\TPU\book\341454
|
| 090 |
|
|
|a 344932
|
| 100 |
|
|
|a 20200623d2014 m y0rusy50 ca
|
| 101 |
1 |
|
|a rus
|c eng
|
| 102 |
|
|
|a RU
|
| 105 |
|
|
|a y z 000ay
|
| 200 |
1 |
|
|a Заводной апельсин
|e роман
|e пер. с англ.
|f Дж. Э. Бёрджесс
|
| 210 |
|
|
|a Москва
|c АСТ
|d 2014
|
| 215 |
|
|
|a 254 с.
|
| 225 |
1 |
|
|a Эксклюзивная классика
|
| 330 |
|
|
|a "Заводной апельсин" - литературный парадокс ХХ столетия. Продолжая футуристические традиции в литературе, экспериментируя с языком, на котором говорит рубежное поколение malltshipalltshikov и kisok "надсатых", Энтони Бёрджесс создает роман, признанный классикой современной литературы. Умный, жестокий, харизматичный антигерой Алекс, лидер уличной банды, проповедуя насилие как высокое искусство жизни, как род наслаждения, попадает в железные тиски новейшей государственной программы по перевоспитанию преступников и сам становится жертвой насилия. Можно ли спасти мир от зла, лишая человека воли совершать поступки и превращая его в "заводной апельсин"? Этот вопрос сегодня актуален так же, как и вчера, и вопрос этот автор задает читателю.
|
| 606 |
1 |
|
|a Английская литература
|2 stltpush
|3 (RuTPU)RU\TPU\subj\29042
|9 52454
|
| 610 |
1 |
|
|a романы
|
| 610 |
1 |
|
|a фантастика
|
| 610 |
1 |
|
|a антиутопия
|
| 610 |
1 |
|
|a проза
|
| 675 |
|
|
|a 82
|v 3
|
| 700 |
|
1 |
|a Бёрджесс
|b Дж. Э.
|c псевдонимы Джозеф Келл, Энтони Пауэл, Энтони Джилверн
|c английский писатель, журналист, литературовед
|f 1917-1993
|g Джон Энтони
|2 stltpush
|3 (RuTPU)RU\TPU\pers\22710
|9 9743
|
| 801 |
|
1 |
|a RU
|b 63413507
|c 20160314
|
| 801 |
|
2 |
|a RU
|b 63413507
|c 20200715
|g RCR
|
| 942 |
|
|
|c BK
|
| 959 |
|
|
|a 11/20160128
|d 1
|e 411,00
|f ХФ:1
|